European Overseas Territories by Clue - Statistics

General Stats
  • This quiz has been taken 124 times
  • The average score is 14 of 20
Answer Stats
Clue Letter Territory % Correct
World's largest island, under the jurisdiction of Denmark G Greenland
96%
Almost, but not quite, the southernmost point on the Iberian Peninsula G Gibraltar
95%
Argentina declared war in the United Kingdom for them in 1982 F Falkland Islands
93%
Namesake of a "mysterious" triangular area in the Atlantic Ocean B Bermuda
92%
Dutch island group collectively called the "ABC Islands" A Aruba
86%
Dutch island group collectively called the "ABC Islands" C Curaçao
82%
An island that is divided between France and the Netherlands S Sint Marteen / Saint Martin
80%
Tenerife and Fuerteventura are its two largest C Canary Islands
77%
Portuguese autonomous island where Cristiano Ronaldo was born M Madeira
75%
Spanish cities located on mainland Africa C Ceuta
74%
Napoleon died on the most populous island of this British overseas territory in 1821 S Saint Helena, Ascension, and Tristan da Cunha
73%
Where the European Space Agency primarily launch their rockets F French Guiana
66%
It voted in 1974 to remain part of France, rather than join Comoros M Mayotte
66%
Spanish cities located on mainland Africa M Melilla
66%
Voted NOT to become independent from France in 2020 N New Caledonia
66%
Dutch island group collectively called the "ABC Islands" B Bonaire
65%
Was rediscovered by the HMS Bounty in 1790 P Pitcairn Island
56%
2/3 of its population was forced to flee after the 1995–2000 eruptions of Soufrière Hills volcano M Montserrat
45%
Portion of Antarctica claimed by Norway Q Queen Maud Land
32%
French overseas collectivity Sweden controlled between 1784–1878 S Saint Barthélemy
32%
No matching quizzes found
Score Distribution
Percent of People with Each Score
Percentile by Number Answered
Your Score History
You have not taken this quiz